Inversiones en títulos públicos (Registro nro. 2493)

Detalles MARC
000 -LEADER
fixed length control field 01792 a2200217 4500
001 - CONTROL NUMBER
control field 34814
005 - DATE AND TIME OF LATEST TRANSACTION
control field 20260407155633.0
008 - FIXED-LENGTH DATA ELEMENTS--GENERAL INFORMATION
fixed length control field 260407a1987 arg spa d
003 - CONTROL NUMBER IDENTIFIER
control field AR-UNSa-BCEJYS
040 ## - CATALOGING SOURCE
Original cataloging agency AR-UNSa-BCEJYS
Language of cataloging spa
Transcribing agency AR-UNSa-BCEJYS
080 ## - UNIVERSAL DECIMAL CLASSIFICATION NUMBER
Universal Decimal Classification number 336.763
Common auxiliary subdivision Títulos. Valores
020 ## - INTERNATIONAL STANDARD BOOK NUMBER
International Standard Book Number 950-541-046-8
041 ## - LANGUAGE CODE
Language code of text/sound track or separate title spa
100 1# - MAIN ENTRY--PERSONAL NAME
Personal name Senderovich, Pablo David
245 10 - TITLE STATEMENT
Title Inversiones en títulos públicos
Name of part/section of a work tratamiento integral
264 #1 - PRODUCTION, PUBLICATION, DISTRIBUTION, MANUFACTURE, AND COPYRIGHT NOTICE
Place of production, publication, distribution, manufacture Buenos Aires :
Name of producer, publisher, distributor, manufacturer Ediciones Contabilidad Moderna
Date of production, publication, distribution, manufacture, or copyright notice 1987
300 ## - PHYSICAL DESCRIPTION
Extent 371 p.
Dimensions 22 cm.
505 ## - FORMATTED CONTENTS NOTE
Formatted contents note 1. Características fundamentales del título - 2. Tratamiento de las compras - 3. Resultados por rentas - 4. Resultados por venta de cupones de renta - 5. Resultados por amortización - 6. Valuación al cierre - 7. Resultados por venta - 8. Caso práctico. Resumen - 9. Reexpresion de los resultados de operaciones con bonex - 10. Características fundamentales del título - 11. Tratamiento de las compras - 12. Resultados por renta - 13. Resultados por amortización - 14. Valuación al cierre - 15. Resultados por venta - 16. Características fundamentales del título - 17. Tratamiento de las compras - 18. Resultados por renta - 19. Resultados pora amortización - 20. Valuación al cierre - 21. Resultados por venta - 22. Características fundamentales del título - 23. Tratamiento de las compras - 24. Resultados por renta - 25. Resultados por amortización - 26. Valuación al cierre - 27. Resultados por venta - 28. Características fundamentales del título - 29. Tratamiento de las compras - 30. Resultados por renta - 31. Resultados por amortización - 32. Valuación al cierre - 33. Resultados por renta - 34. Características fundamentales del título -
590 ## - LOCAL NOTE (RLIN)
Local note niveau_biblio:m niveau_hierar:0
942 ## - ADDED ENTRY ELEMENTS (KOHA)
Koha item type
Existencias
Withdrawn status Lost status Damaged status Not for loan Home library Current library Shelving location Date acquired Total checkouts Full call number Barcode Date last seen Price effective from Koha item type
        Biblioteca Prof. Eusebio Cleto del Rey Biblioteca Prof. Eusebio Cleto del Rey   07/04/2026   336.763 S474 L45978 07/04/2026 07/04/2026 Libro
        Biblioteca Prof. Eusebio Cleto del Rey Biblioteca Prof. Eusebio Cleto del Rey   07/04/2026   336.763 S474 L53267 07/04/2026 07/04/2026 Libro